Redhes Revista de Derechos Humanos y Estudios Sociales

Detalles Bibliográficos
Formato: Revista
Lenguaje:español
Publicado: [Mx̌ico] : Universidad Autn̤oma de San Lus̕ Potos,̕ 2009 -
Materias:
Acceso en línea:Acceso restringido

MARC

LEADER 00000nas a22000007a 4500
005 20110905111020.0
008 110905c2009 mx zr|p|s|||| 00| b1spa d
022 |a 1889-8068 
035 |a 5640 
040 |a vLex 
090 |c 2365  |d 2365 
245 0 0 |a Redhes  |h [Recurso electrn̤ico] :  |b Revista de Derechos Humanos y Estudios Sociales  
256 |a Servicio en ln̕ea. 
260 |a [Mx̌ico] :  |b Universidad Autn̤oma de San Lus̕ Potos,̕  |c 2009 - 
300 |a 1 recurso electrn̤ico 
310 |a Dos veces al aǫ 
362 |a Nm︢. 1 (2009) - 
500 |a La Revista de Derechos Humanos y Estudios Sociales (REDHES) nace como el esfuerzo de una red de acadm̌icos de Amřica Latina y Espaą por abrir un espacio de difusin̤ de ideas, teora̕s e investigaciones crt̕icas, poniendo especial ňfasis en las luchas de liberacin̤ de los pas̕es del Sur. Los diversos movimientos sociales que buscan conseguir mejores condiciones de vida y las reivindicaciones de derechos humanos de grupos excluidos que se han dado en Latinoamřica en las l︢timas dčadas, se presentan como un desafo̕ al momento intelectual de la praxis. 
506 1 |a Contenido solo disponible en los productos indicados  |d vLex Global  |d vLex Global (Academic Edition, excluding Law Schools)  |d vLex Global (U.S. Academic Edition, Law Schools)  |d vLex Global (U.S. Academic Edition, excluding Law Schools)  |d vLex Global (Academic Edition, Law Schools) 
650 0 4 |a Derechos humanos  |z Mx̌ico 
650 0 4 |a Ciencias sociales  |z Mx̌ico 
740 0 |a vLex Revistas (Servicio en ln̕ea) 
856 4 0 |u http://vlex.com/source/redhes-revista-derechos-humanos-estudios-sociales-5640  |z Acceso restringido 
942 |c REV